000 00998nam a2200277 i 4500
003 DO-SdBNP
005 20260701143749.0
007 ta
008 260701b2016 dr ||||| |||| 00| 0 spa d
020 _a9789945900149
040 _aDO-SdBNP
_bspa
_cBNPHU
_erda
041 _aspa
082 4 _axxx
_bxxx
_222
100 1 _aRosario Candelier, Bruno,
_d1941-
_eautor
_4aut.
_9851
245 1 0 _aDiccionario fraseológico del español dominicano /
_cBruno Rosario Candelier; redacción, Irene Pérez Guerra, Roberto Guzmán
264 4 _aSanto Domingo :
_bAcademia Dominicana de la Lengua;
_bFundación Guzmán Ariza;
_bEditora Judicial,
_c©2016.
300 _a586 páginas ;
_c23 cm.
336 _atexto
_btxt
_2rdacontent
337 _asin mediación
_bn
_2rdamedia
338 _avolumen
_bnc
_2rdacarrier
590 _aInventariado, 2026/BT
700 1 _aPérez Guerra, Irene,
_eredactor
_4red.
_919025
700 1 _aGuzmán, Roberto,
_eredactor
_4red.
_925686
910 _aBtavárez
942 _2ddc
_cLBS1
999 _c60987
_d60987